Normal view MARC view
  • Narula ,Dr. V.K

Entry Personal Name

Number of records used in: 1

001 - CONTROL NUMBER

  • control field: 5655

003 - CONTROL NUMBER IDENTIFIER

  • control field: OSt

005 - DATE AND TIME OF LATEST TRANSACTION

  • control field: 20200520154728.0

008 - FIXED-LENGTH DATA ELEMENTS

  • fixed length control field: 200520|| aca||aabn | a|a d

040 ## - CATALOGING SOURCE

  • Original cataloging agency: OSt
  • Transcribing agency: OSt

100 ## - HEADING--PERSONAL NAME

  • Personal name: Narula ,Dr. V.K

670 ## - SOURCE DATA FOUND

  • Source citation: Work cat.: (OSt): Narula ,Dr. V.K, Handbook for Medical Repre Students